Statistics for Shadow of War Quiz

Click here to take the quiz!

General Stats

  • This quiz has been taken 58 times
  • The average score is 13 of 39

Answer Stats

HintAnswer% Correct
Who saves Talion’s life from Helm Hammerhand?Eltariel
61%
How many tribes including DLC tribes are there?9
55%
Is SoW a great game?Yes
55%
What is the online mode where you can attack another player’s fortress?Online Conquest
53%
What is the max level for Talion’s followers?60
50%
When an orc has 2 epic traits it isLegendary
50%
What tribe is Bruz from?Warmonger
50%
What is the max level for Sauron’s orcs?65
47%
In what region does Zog first appear?Gorgoroth
47%
What is the hardest difficulty in SoW?Gravewalker
45%
In what region is Zog once and for all slain?Minas Morgul
45%
Carnan resides inNurnen
45%
Who is Shelob’s servant that is not an Olog?Gollum
42%
In online conquest war chiefs can have up to how many bodyguards?2
39%
To which region does Khargukor belong to?Seregost
37%
What is the Balrog called?Tar Goroth
37%
If an Orc can sniff out where you are he is a(n)Tracker
37%
If an Orc summons Graig’s he is a(n)Beastmaster
34%
In what region is Shelob’s cave/hideout?Cirith Ungol
34%
If an orc uses smoke bombs he is a(n)Trickster
34%
If an orc has the title, “Ranger-Killer”, he is of what tribe?Dark
32%
What is the max level for undead followers?55
29%
If an orc uses war banners he is a(n)Commander
29%
What is the title of BAZ and Gaz btw don’t include “the”Ocker
29%
If an Orc uses throwing knives he is a(n)Assassin
26%
If an orc is enraged by a lot he is a(n)Berserker
26%
If an orc uses mines and bombs he is a(n)Destroyer
26%
In Blade of Galadriel DLC, what is the name of the sniper?Ogg Bow of Morgoth
26%
If an orc can heal himself he is a(n)Tank
26%
What is the only creature in SoW that will always be hostile?Ghuls
24%
In which region are were-warms foundLithlad
24%
If an orc Is an expert in ranged combat he is a(n)Marksman
24%
What is the name of Baranor’s brother?Serka
24%
What region form Shadow of Mordor is absent in Shadow of War?Udun
21%
What is the ability called to be able to summon a drake?Dragon Song
18%
What is the name of the destroyer who dies in the assault in BoG DLC?Flak Flint
18%
If an orc uses a triple strike he is a(n)Slayer
18%
What is the title, including “the”, of the overlord of Lithlad, in DoM DlcThe Sandspider
13%
In BoG DLC, who is the final boss?Dark Talion
11%

Score Distribution

Percentile by Number Answered

Percent of People with Each Score

Your Score History

You have not taken this quiz